=LDR 00000nam 2200000 4500 =001 NUTBA000000000002967 =005 20140714111810.0 =006 =007 =008 =020 ##$$a 979-002-234-4 =035 ##$$a 0010-071400000000155 =040 ##$$a NBPDMAT =082 ##$$a 639.2751 =090 ##$$a 639.2751 $b Ard u =100 ##$$a Ardiyan Taufik =245 ##$$a Usaha pembesaran belut / $c Ardiyan Taufik, Cahyo Saparinto =250 ##$$a Cet.5 =260 ##$$a Jakarta : $b Penebar Swadaya, $c 23 cm. =300 ##$$a 99 hlm. : $b ilus. ; $c 23 cm. =500 ##$$a Bibliografi : hlm. 96 - 97 =650 ##$$a Belut =700 ##$$a Cahyo Saparianto =850 ##$$a NBPDMAT =990 ##$$a 21404032